000 02956nam a22001937a 4500
003 IT-RoPau
005 20220918175935.0
008 121113b xxu||||| |||| 00| 0 eng d
040 _cIT-RoPau
100 _aAlberione Giacomo
_qVol VIII, 2 anno 1963 numeri marginali 256 - 263 nastro 177/a
_932
245 _aPrediche tenute alle Pie Discepole del Divin Maestro
250 _a1
260 _aRoma
_bPDDM
_c?1960?
300 _a606 p.
_c29,5 cm
490 _aVIII,2
_vVIII,2
500 _aCome nel volume precedente
520 _aPrefazione 250)Anno di particolare santificazione 251)Anno di particolare santificazione 252)Un mese di preparazione alla prof. perpetua 253)Umiltà e silenziosità in s.Giuseppe 254)Anno di particolare santificazione 255)La missione delle Pie Discepole nelle Filippine 256)Anno di particolare santificazione 257)La s.Messa ( Sabato Santo) 258)L' impegno per la santificazione 259)Il fondamento della santificazione virtù. teol. 260)Lo spirito di Gesù: le Beatitudini 261)La fede 262)La speranza 263)La carità:amore a Dio e alle anime 264)Vita mariana Gesù 265)Amare la Congregazione:cura delle vocazioni 266)Santificare la mente,la volontà, il cuore 267)Il progresso spirituale 268)La Famiglia Paolina 269)Novena allo spirito Santo 270)Maria, Regina degli apostoli 271)I nove gradi dell' orazione 272)I segni di progresso nella santificazione 273)Cercare la gloria di Dio.Vita comune. Carat. 274)Il mistero del Cristo in s.Paolo 275)la vita mariana di Gesù 276)Il fondamento della santificazione: vivere in Xto 277)Il senso sociale 278)Santificazione e apostolato 279)La vocazione della Pia Discepola 280)Domenica VII dopo Pentecoste 281)Per ipsum et cum ipso et in ipso 282)La gloria di dio: fine ultimo 283)Domenica VIII dopo Pentecoste 284)Introduzione agli esercizi SS. 285)Far crescere la grazia di Dio in noi 286)La Pia Discepola, altra Maria ( I ) 287)La Pia Discepola, altra Maria ( II ) 288)Chiusura degli Esercizi SS. 289)Domenica XII dopo Pentecoste 290)I due mezzi principali della santificazione 291)Santificare la mente, la volontà , il cuore 292)I due mezzi principali della santificazione 293)I due mezzi principali della santificazione 294)I due mezzi principali della santificazione 295)La santificazione: mestiere della religiosità 296)La gloria di Dio: fine della nostra santificazione 297)La fede 298)Festa di Gesù Cristo Re 299)Gerarchia degli apostolati 300)L' apostolato liturgico 301)Domenica VI dopo l' Epifania 302)Domenica XXIV dopo Pentecoste 303)La santificazione: mestiere della religiosità 304)La configurazione a Gesù Cristo 305)Vita contempaltiva apostolica 306)Solennità dell' Immacolata Concezione di Maria 307)Ut unum sint ( festa di s. Lucia) 308)Domenica III di Avvento 309)Conoscere meglio Gesù Cristo (auguri natalizi) indice I - Indice analitico II - Indice delle citazioni bibliche III - Indice delle citazioni varie IV - Indice generale
942 _2ddc
_cBK
999 _c37504
_d37504